Web data management : (Record no. 176821)
[ view plain ]
| 000 -LEADER | |
|---|---|
| fixed length control field | 01458 a2200277 4500 |
| 003 - CONTROL NUMBER IDENTIFIER | |
| control field | Nust |
| 005 - DATE AND TIME OF LATEST TRANSACTION | |
| control field | 20220725170750.0 |
| 010 ## - LIBRARY OF CONGRESS CONTROL NUMBER | |
| LC control number | 2003050523 |
| 020 ## - INTERNATIONAL STANDARD BOOK NUMBER | |
| International Standard Book Number | 0387001751 (alk. paper) |
| 040 ## - CATALOGING SOURCE | |
| Transcribing agency | Nust |
| 082 00 - DEWEY DECIMAL CLASSIFICATION NUMBER | |
| Classification number | 005.758,BHO |
| 100 1# - MAIN ENTRY--PERSONAL NAME | |
| Personal name | Bhowmick, Sourav S. |
| 9 (RLIN) | 95021 |
| 245 10 - TITLE STATEMENT | |
| Title | Web data management : |
| Remainder of title | a warehouse approach / |
| Statement of responsibility, etc. | Sourav S. Bhowmick, Sanjay K. Madria, Wee Keong Ng. |
| 260 ## - PUBLICATION, DISTRIBUTION, ETC. | |
| Place of publication, distribution, etc. | New York : |
| Name of publisher, distributor, etc. | Springer, |
| Date of publication, distribution, etc. | c2004. |
| 300 ## - PHYSICAL DESCRIPTION | |
| Extent | xxi, 465 p. : |
| Other physical details | ill. ; |
| Dimensions | 24 cm. |
| 440 #0 - SERIES STATEMENT/ADDED ENTRY--TITLE | |
| Title | Springer professional computing |
| 9 (RLIN) | 95022 |
| 505 ## - FORMATTED CONTENTS NOTE | |
| Formatted contents note | Introduction (Page-1), A Survey Of Web Data Management Systems (Page-17), Node And Link Objects (Page-65), Predicates On Node And Link Objects (Page-93), Imposing Constraints On Hyperlink Structures (Page-127), Query Mechanism For The Web (Page-145), Schemas For Warehouse Data (Page- 207), WHOM-Algebra (Page-251), Web Data Visualization (Page-353), Detecting And Representing Relevant Web Deltas (Page-367), Knowledge Discovery Using Web Bags (Page-389), The Road Ahead (Page- 417). |
| 650 #0 - SUBJECT ADDED ENTRY--TOPICAL TERM | |
| Topical term or geographic name entry element | Data warehousing. |
| 9 (RLIN) | 13693 |
| 650 #0 - SUBJECT ADDED ENTRY--TOPICAL TERM | |
| Topical term or geographic name entry element | Database management. |
| 650 #0 - SUBJECT ADDED ENTRY--TOPICAL TERM | |
| Topical term or geographic name entry element | Web databases. |
| 9 (RLIN) | 55731 |
| 700 1# - ADDED ENTRY--PERSONAL NAME | |
| Personal name | Madria, Sanjay Kumar. |
| 9 (RLIN) | 95023 |
| 700 1# - ADDED ENTRY--PERSONAL NAME | |
| Personal name | Ng, Wee Keong. |
| 9 (RLIN) | 95024 |
| 856 42 - ELECTRONIC LOCATION AND ACCESS | |
| Materials specified | Publisher description |
| Uniform Resource Identifier | <a href="http://www.loc.gov/catdir/enhancements/fy0817/2003050523-d.html">http://www.loc.gov/catdir/enhancements/fy0817/2003050523-d.html</a> |
| 856 42 - ELECTRONIC LOCATION AND ACCESS | |
| Materials specified | Table of contents only |
| Uniform Resource Identifier | <a href="http://www.loc.gov/catdir/enhancements/fy0817/2003050523-t.html">http://www.loc.gov/catdir/enhancements/fy0817/2003050523-t.html</a> |
| 942 ## - ADDED ENTRY ELEMENTS (KOHA) | |
| Koha item type | Reference |
| Source of classification or shelving scheme | |
| Withdrawn status | Lost status | Source of classification or shelving scheme | Damaged status | Not for loan | Permanent Location | Current Location | Shelving location | Date acquired | Full call number | Barcode | Date last seen | Price effective from | Koha item type | Public note |
|---|---|---|---|---|---|---|---|---|---|---|---|---|---|---|
| Military College of Signals (MCS) | Military College of Signals (MCS) | Reference | 12/12/2016 | 005.758,BHO | MCS31734 | 12/08/2016 | 12/12/2016 | Book | Almirah No.18, Shelf No.2 |
